Guess the Footballers by their Teams - Picture Edition #6 - Statistics

General Stats
  • This quiz has been taken 141 times
  • The average score is 10 of 15
Answer Stats
Picture Answer % Correct
Thiago Silva
95%
Andrés Iniesta
85%
Roberto Carlos
79%
Aymeric Laporte
77%
John Terry
75%
Giorgio Chiellini
74%
Dušan Tadić
72%
Franck Ribéry
71%
Roy Keane
69%
Bobby Moore
67%
João Palhinha
55%
Juan Román Riquelme
54%
Freddie Ljungberg
49%
Nuri Şahin
45%
Yohan Cabaye
41%
No matching quizzes found
Score Distribution
Percent of People with Each Score
Percentile by Number Answered
Your Score History
You have not taken this quiz